Statistics for 1970 College Football AP Poll

Click here to take the quiz!

General Stats

  • This quiz has been taken 10 times
  • The average score is 262 of 303

Answer Stats

WeekRankTeamWLTConference% Correct
Preseason1Ohio State00Big Ten
100%
Week 9 (11/9)2Texas70Southwest
100%
Week 8 (11/2)3Ohio State60Big Ten
100%
Week 8 (11/2)4Nebraska701Big Eight
100%
Week 8 (11/2)5Michigan70Big Ten
100%
Week 8 (11/2)6Stanford71Pacific-8
100%
Week 8 (11/2)7Arkansas61Southwest
100%
Week 8 (11/2)8Tennessee61SEC
100%
Week 8 (11/2)10Auburn61SEC
100%
Week 8 (11/2)12Arizona State60WAC
100%
Week 8 (11/2)13Ole Miss51SEC
100%
Week 8 (11/2)16UCLA53Pacific-8
100%
Week 8 (11/2)19Alabama53SEC
100%
Week 9 (11/9)1Notre Dame70Independent
100%
Week 9 (11/9)3Ohio State70Big Ten
100%
Week 8 (11/2)1Texas60Southwest
100%
Week 9 (11/9)4Nebraska801Big Eight
100%
Week 9 (11/9)5Michigan80Big Ten
100%
Week 9 (11/9)6Stanford81Pacific-8
100%
Week 9 (11/9)7Arkansas71Southwest
100%
Week 9 (11/9)8Auburn71SEC
100%
Week 9 (11/9)10Tennessee71SEC
100%
Week 9 (11/9)11Arizona State70WAC
100%
Week 9 (11/9)12Ole Miss61SEC
100%
Week 9 (11/9)17UCLA53Pacific-8
100%
Week 9 (11/9)18USC531Pacific-8
100%
Week 9 (11/9)19Oregon63Pacific-8
100%
Week 10 (11/16)1Texas80Southwest
100%
Week 8 (11/2)2Notre Dame60Independent
100%
Week 7 (10/26)19UCLA43Pacific-8
100%
Week 10 (11/16)3Nebraska901Big Eight
100%
Week 6 (10/19)19Colorado32Big Eight
100%
Week 6 (10/19)2Texas40Southwest
100%
Week 6 (10/19)3Notre Dame50Independent
100%
Week 6 (10/19)4Nebraska501Big Eight
100%
Week 6 (10/19)5Michigan50Big Ten
100%
Week 6 (10/19)6Auburn50SEC
100%
Week 6 (10/19)8Stanford51Pacific-8
100%
Week 6 (10/19)9Arkansas41Southwest
100%
Week 6 (10/19)10USC411Pacific-8
100%
Week 6 (10/19)11Tennessee41SEC
100%
Week 6 (10/19)12Arizona State50WAC
100%
Week 6 (10/19)13Ole Miss41SEC
100%
Week 6 (10/19)16UCLA42Pacific-8
100%
Week 7 (10/26)1Texas50Southwest
100%
Week 7 (10/26)18USC421Pacific-8
100%
Week 7 (10/26)2Ohio State50Big Ten
100%
Week 7 (10/26)3Notre Dame50Independent
100%
Week 7 (10/26)4Nebraska601Big Eight
100%
Week 7 (10/26)5Michigan60Big Ten
100%
Week 7 (10/26)6Stanford61Pacific-8
100%
Week 7 (10/26)8Arkansas51Southwest
100%
Week 7 (10/26)9Tennessee51SEC
100%
Preseason2Texas00Southwest
100%
Week 7 (10/26)11Arizona State60WAC
100%
Week 7 (10/26)12Auburn51SEC
100%
Week 7 (10/26)13Ole Miss51SEC
100%
Week 7 (10/26)16Oregon52Pacific-8
100%
Week 10 (11/16)2Notre Dame80Independent
100%
Week 10 (11/16)4Michigan90Big Ten
100%
Week 5 (10/12)19UCLA32Pacific-8
100%
Week 13 (12/7)16USC641Pacific-8
100%
Week 12 (11/30)17USC641Pacific-8
100%
Week 12 (11/30)20Oklahoma74Big Eight
100%
Week 13 (12/7)1Texas100Southwest
100%
Week 13 (12/7)2Ohio State90Big Ten
100%
Week 13 (12/7)3Nebraska1001Big Eight
100%
Week 13 (12/7)4Tennessee101SEC
100%
Week 13 (12/7)6Notre Dame91Independent
100%
Week 13 (12/7)7Michigan91Big Ten
100%
Week 13 (12/7)8Arizona State100WAC
100%
Week 13 (12/7)9Arkansas92Southwest
100%
Week 13 (12/7)10Auburn82SEC
100%
Week 13 (12/7)12Stanford83Pacific-8
100%
Week 13 (12/7)20Oklahoma74Big Eight
100%
Week 12 (11/30)12Stanford83Pacific-8
100%
Postseason1Nebraska1101Big Eight
100%
Postseason2Notre Dame101Independent
100%
Postseason3Texas101Southwest
100%
Postseason4Tennessee111SEC
100%
Postseason5Ohio State91Big Ten
100%
Postseason6Arizona State110WAC
100%
Postseason8Stanford93Pacific-8
100%
Postseason9Michigan91Big Ten
100%
Postseason10Auburn92SEC
100%
Postseason11Arkansas92Southwest
100%
Postseason15USC641Pacific-8
100%
Postseason20Oklahoma741Big Eight
100%
Week 12 (11/30)16Ole Miss72SEC
100%
Week 12 (11/30)10Auburn82SEC
100%
Week 10 (11/16)5Ohio State80Big Ten
100%
Week 11 (11/23)8Michigan91Big Ten
100%
Week 10 (11/16)6Arkansas81Southwest
100%
Week 10 (11/16)8Tennessee71SEC
100%
Week 10 (11/16)9Arizona State80WAC
100%
Week 10 (11/16)11Stanford82Pacific-8
100%
Week 10 (11/16)12Ole Miss71SEC
100%
Week 10 (11/16)13Auburn72SEC
100%
Week 11 (11/23)1Texas80Southwest
100%
Week 11 (11/23)2Ohio State90Big Ten
100%
Week 11 (11/23)3Nebraska1001Big Eight
100%
Week 11 (11/23)4Notre Dame90Independent
100%
Week 11 (11/23)5Arkansas91Southwest
100%
Week 11 (11/23)7Tennessee81SEC
100%
Week 11 (11/23)9Arizona State90WAC
100%
Week 12 (11/30)9Arizona State90WAC
100%
Week 11 (11/23)10Ole Miss71SEC
100%
Week 11 (11/23)11Auburn72SEC
100%
Week 11 (11/23)13Stanford83Pacific-8
100%
Week 11 (11/23)19Colorado64Big Eight
100%
Week 11 (11/23)20Washington64Pacific-8
100%
Week 12 (11/30)1Texas90Southwest
100%
Week 12 (11/30)2Ohio State90Big Ten
100%
Week 12 (11/30)3Nebraska1001Big Eight
100%
Week 12 (11/30)4Arkansas91Southwest
100%
Week 12 (11/30)5Tennessee91SEC
100%
Week 12 (11/30)6Notre Dame91Independent
100%
Week 12 (11/30)7Michigan91Big Ten
100%
Week 6 (10/19)1Ohio State40Big Ten
100%
Postseason20Ole Miss74SEC
100%
Preseason20Oklahoma00Big Eight
100%
Preseason18UCLA00Pacific-8
100%
Week 3 (9/28)12Auburn20SEC
100%
Week 3 (9/28)13UCLA30Pacific-8
100%
Week 1 (9/14)1Ohio State00Big Ten
100%
Week 1 (9/14)11Arkansas01Southwest
100%
Preseason20Auburn00SEC
100%
Week 3 (9/28)17Alabama21SEC
100%
Preseason19Arizona State00WAC
100%
Week 3 (9/28)18Arizona State20WAC
100%
Week 1 (9/14)2Texas00Southwest
100%
Week 2 (9/21)10Michigan10Big Ten
100%
Preseason16Alabama00SEC
100%
Week 1 (9/14)14Florida10SEC
100%
Week 4 (10/5)1Ohio State20Big Ten
100%
Week 4 (10/5)2Texas30Southwest
100%
Week 4 (10/5)3Notre Dame30Independent
100%
Week 4 (10/5)4USC301Pacific-8
100%
Week 4 (10/5)5Ole Miss30SEC
100%
Week 3 (9/28)11Arkansas21Southwest
100%
Week 3 (9/28)9Michigan20Big Ten
100%
Week 4 (10/5)7Michigan30Big Ten
100%
Week 3 (9/28)3Stanford30Pacific-8
100%
Week 2 (9/21)17Tennessee10SEC
100%
Week 2 (9/21)18Colorado10Big Eight
100%
Week 1 (9/14)8Michigan00Big Ten
100%
Week 1 (9/14)6Notre Dame00Independent
100%
Week 3 (9/28)1Ohio State10Big Ten
100%
Week 2 (9/21)13Florida20SEC
100%
Week 3 (9/28)2Texas20Southwest
100%
Week 3 (9/28)4Notre Dame20Independent
100%
Week 3 (9/28)8Colorado20Big Eight
100%
Week 2 (9/21)12Arkansas11Southwest
100%
Week 1 (9/14)9Nebraska10Big Eight
100%
Week 1 (9/14)5Ole Miss00SEC
100%
Week 1 (9/14)4Stanford10Pacific-8
100%
Week 3 (9/28)5USC201Pacific-8
100%
Week 3 (9/28)6Nebraska201Big Eight
100%
Week 3 (9/28)7Ole Miss20SEC
100%
Week 1 (9/14)3USC10Pacific-8
100%
Week 2 (9/21)15UCLA20Pacific-8
100%
Week 4 (10/5)6Nebraska301Big Eight
100%
Week 2 (9/21)8Nebraska101Big Eight
100%
Preseason4Arkansas00Southwest
100%
Preseason8Michigan00Big Ten
100%
Week 5 (10/12)4Ole Miss40SEC
100%
Week 1 (9/14)16UCLA10Pacific-8
100%
Preseason6Notre Dame00Independent
100%
Week 5 (10/12)5Nebraska401Big Eight
100%
Preseason5Ole Miss00SEC
100%
Week 1 (9/14)20Arizona State00WAC
100%
Week 5 (10/12)6Michigan40Big Ten
100%
Week 5 (10/12)8Auburn40SEC
100%
Week 2 (9/21)7USC101Pacific-8
100%
Week 5 (10/12)9Stanford41Pacific-8
100%
Week 5 (10/12)10Arkansas41Southwest
100%
Week 5 (10/12)11USC311Pacific-8
100%
Week 1 (9/14)18Oklahoma10Big Eight
100%
Week 5 (10/12)12Arizona State40WAC
100%
Week 5 (10/12)13Colorado31Big Eight
100%
Week 5 (10/12)14Tennessee31SEC
100%
Week 1 (9/14)19Georgia00SEC
100%
Preseason3USC00Pacific-8
100%
Week 5 (10/12)3Notre Dame40Independent
100%
Week 5 (10/12)2Texas40Southwest
100%
Week 5 (10/12)1Ohio State30Big Ten
100%
Week 4 (10/5)20Tennessee21SEC
100%
Week 4 (10/5)9Auburn30SEC
100%
Week 4 (10/5)10Arkansas31Southwest
100%
Week 2 (9/21)6Notre Dame10Independent
100%
Preseason15Florida00SEC
100%
Week 2 (9/21)5Ole Miss10SEC
100%
Week 4 (10/5)12Stanford31Pacific-8
100%
Week 2 (9/21)3Stanford20Pacific-8
100%
Week 4 (10/5)14Arizona State30WAC
100%
Week 2 (9/21)14Oklahoma20Big Eight
100%
Week 4 (10/5)15UCLA31Pacific-8
100%
Week 2 (9/21)2Texas10Southwest
100%
Week 4 (10/5)17Colorado21Big Eight
100%
Preseason10Stanford00Pacific-8
100%
Preseason9Nebraska00Big Eight
100%
Week 2 (9/21)1Ohio State00Big Ten
100%
Week 2 (9/21)4Penn State10Independent
86%
Week 1 (9/14)13Kansas State10Big Eight
86%
Week 10 (11/16)18Northwestern54Big Ten
86%
Week 10 (11/16)17Georgia Tech73Independent
86%
Week 11 (11/23)16Georgia Tech73Independent
86%
Week 10 (11/16)20Penn State63Independent
86%
Week 11 (11/23)17Penn State73Independent
86%
Week 12 (11/30)13Georgia Tech83Independent
86%
Week 13 (12/7)13Georgia Tech83Independent
86%
Week 5 (10/12)16Georgia Tech41Independent
86%
Postseason18Penn State73Independent
86%
Postseason13Georgia Tech93Independent
86%
Preseason7Penn State00Independent
86%
Week 4 (10/5)13Georgia Tech40Independent
86%
Preseason14Kansas State00Big Eight
86%
Week 7 (10/26)20Northwestern33Big Ten
86%
Week 1 (9/14)7Penn State00Independent
86%
Week 13 (12/7)18Penn State73Independent
86%
Week 11 (11/23)18Northwestern64Big Ten
86%
Week 3 (9/28)16Penn State11Independent
86%
Week 2 (9/21)19Georgia Tech20Independent
86%
Week 9 (11/9)20Kansas State63Big Eight
86%
Week 12 (11/30)18Penn State73Independent
86%
Week 12 (11/30)19Northwestern64Big Ten
86%
Week 3 (9/28)15Georgia Tech30Independent
86%
Preseason12LSU00SEC
71%
Postseason19Houston83Independent
71%
Postseason7LSU93SEC
71%
Preseason13Houston00Independent
71%
Week 12 (11/30)8LSU82SEC
71%
Preseason17South Carolina00ACC
71%
Week 1 (9/14)15Houston00Independent
71%
Week 13 (12/7)19Texas Tech83Southwest
71%
Week 1 (9/14)12LSU00SEC
71%
Week 13 (12/7)5LSU92SEC
71%
Week 13 (12/7)17Houston83Independent
71%
Week 5 (10/12)19Houston21Independent
71%
Week 7 (10/26)10LSU51SEC
71%
Week 3 (9/28)19North Carolina30ACC
71%
Week 5 (10/12)15LSU31SEC
71%
Week 10 (11/16)7LSU71SEC
71%
Week 9 (11/9)9LSU61SEC
71%
Week 6 (10/19)15Houston31Independent
71%
Week 2 (9/21)11Houston10Independent
71%
Week 5 (10/12)17Texas Tech41Southwest
71%
Week 8 (11/2)18Houston32Independent
71%
Week 10 (11/16)19Texas Tech82Southwest
71%
Week 8 (11/2)11LSU51SEC
71%
Week 11 (11/23)6LSU72SEC
71%
Week 4 (10/5)18North Carolina40ACC
71%
Week 4 (10/5)19LSU21SEC
71%
Week 6 (10/19)14LSU41SEC
71%
Week 7 (10/26)17Missouri43Big Eight
57%
Week 8 (11/2)20Syracuse43Independent
57%
Week 3 (9/28)20Missouri21Big Eight
57%
Week 6 (10/19)18Pittsburgh41Independent
57%
Week 7 (10/26)15Pittsburgh51Independent
57%
Week 5 (10/12)18Missouri32Big Eight
57%
Preseason11Missouri00Big Eight
57%
Week 1 (9/14)10Missouri10Big Eight
57%
Week 2 (9/21)9Missouri20Big Eight
57%
Week 4 (10/5)16Missouri31Big Eight
57%
Week 4 (10/5)11West Virginia40Independent
43%
Week 4 (10/5)8Air Force40Independent
43%
Week 8 (11/2)9Air Force80Independent
43%
Week 13 (12/7)11Air Force92Independent
43%
Postseason14Dartmouth90Ivy League
43%
Week 13 (12/7)14Dartmouth90Ivy League
43%
Week 7 (10/26)7Air Force70Independent
43%
Week 10 (11/16)10Air Force91Independent
43%
Week 11 (11/23)14Dartmouth90Ivy League
43%
Week 2 (9/21)16West Virginia20Independent
43%
Week 1 (9/14)17West Virginia10Independent
43%
Week 11 (11/23)12Air Force92Independent
43%
Week 10 (11/16)16Dartmouth80Ivy League
43%
Week 12 (11/30)11Air Force92Independent
43%
Week 6 (10/19)7Air Force60Independent
43%
Week 12 (11/30)15Dartmouth90Ivy League
43%
Week 2 (9/21)20Air Force20Independent
43%
Week 5 (10/12)7Air Force50Independent
43%
Week 9 (11/9)15Dartmouth70Ivy League
43%
Postseason16Air Force93Independent
43%
Week 9 (11/9)13Air Force81Independent
43%
Week 3 (9/28)10Air Force30Independent
43%
Preseason20West Virginia00Independent
43%
Week 8 (11/2)17Dartmouth60Ivy League
43%
Week 3 (9/28)14West Virginia30Independent
43%
Postseason17Tulane84Independent
29%
Postseason12Toledo120MAC
29%
Week 11 (11/23)15Toledo110MAC
29%
Week 6 (10/19)19Toledo60MAC
29%
Week 13 (12/7)15Toledo110MAC
29%
Week 8 (11/2)15Toledo80MAC
29%
Week 9 (11/9)16Toledo90MAC
29%
Week 12 (11/30)14Toledo110MAC
29%
Week 10 (11/16)15Toledo100MAC
29%
Week 6 (10/19)17San Diego State60Pacific Coast
14%
Week 7 (10/26)14San Diego State60Pacific Coast
14%
Week 9 (11/9)14San Diego State80Pacific Coast
14%
Week 10 (11/16)14San Diego State90Pacific Coast
14%
Week 8 (11/2)14San Diego State70Pacific Coast
14%

Score Distribution

Percentile by Number Answered

Percent of People with Each Score

Your Score History

You have not taken this quiz